Animal Species #9 - Statistics

General Stats
  • This quiz has been taken 92 times
  • The average score is 14 of 21
Answer Stats
Picture Answer % Correct
Western {Gorilla}
97%
California {Raccoon}
96%
Masai {Ostrich}
96%
{Dalmatian}
95%
Common {Wasp}
92%
European {Squid}
88%
Eastern {Chipmunk}
84%
Dartmoor Hill {Pony}
81%
Red-tailed {Hawk}
81%
Pacific Bluefin {Tuna}
80%
Rocky Mountain {Elk}
80%
{Wolverine}
70%
Common {Hermit} {Crab}
68%
{Ocelot}
64%
Desert {Locust}
54%
Giant {Morray}
53%
Golden {Jackal}
47%
{Mandarin}fish
14%
Bearded {Fire}worm
11%
{Hellbender}
11%
South African {Springhare}
8%
No matching quizzes found
Score Distribution
Percent of People with Each Score
Percentile by Number Answered
Your Score History
You have not taken this quiz